[Event "Nikaia op 31st"]
[Site "Nikaia"]
[Date "2024.09.02"]
[Round "2"]
[White "Stratigos, Spiros"]
[Black "Ninios, Georgios"]
[Result "1/2-1/2"]
[WhiteElo "2066"]
[BlackElo "1875"]
[PlyCount "168"]
[EventDate "2024.09.01"]
[EventType "swiss"]
[EventRounds "9"]
[EventCountry "GRE"]
[SourceTitle "EXT 2025"]
[Source "ChessBase"]
[SourceDate "2024.10.14"]
[SourceVersion "1"]
[SourceVersionDate "2024.10.14"]
[SourceQuality "1"]

1. e4 c5 2. Nf3 Nc6 3. Bb5 g6 4. 0-0 Bg7 5. c3 e5 6. d4 cxd4 7. cxd4 exd4 8. Bf4 Nge7 9. Bd6 0-0 10. Nbd2 a6 11. Bc4 b5 12. Bd5 Bb7 13. Nb3 Nxd5 14. Bxf8 Qxf8 15. exd5 Nb4 16. Nfxd4 Bxd5 17. a3 Nc6 18. Nxc6 dxc6 19. Qc2 Qd6 20. Nd2 Qf6 21. Rab1 Rd8 22. Ne4 Qf4 23. Rfe1 Bd4 24. Qd2 Qe5 25. Nc3 Bxc3 26. Qxc3 Qxc3 27. bxc3 Kg7 28. Re7 a5 29. Rd1 Rd6 30. f3 Rf6 31. Rd4 Rf5 32. Rc7 a4 33. Kf2 Re5 34. Rd7 Bb3 35. Re4 Rc5 36. Re3 Bd5 37. Ke2 Bc4+ 38. Kd2 Rh5 39. h3 Bf1 40. Re4 Rf5 41. Ke3 Bxg2 42. Rf4 Rxf4 43. Kxf4 Bxh3 44. Rc7 Bf1 45. Rxc6 Bc4 46. Ke5 h5 47. Kf4 Kh6 48. Kg3 Kg5 49. Rc5+ Kf6 50. Kh4 Ke6 51. Rc6+ Ke5 52. Kg5 Kd5 53. Rf6 Kc5 54. Rf4 Bd5 55. Kf6 Be6 56. Rd4 Bd5 57. f4 Be6 58. Kg5 b4 59. Rxb4 Bb3 60. f5 Bc2 61. f6 Bb3 62. Rd4 Kb5 63. Kh6 Kc5 64. Kg7 g5 65. Kh6 g4 66. Kxh5 g3 67. Kh4 g2 68. Rg4 Bd5 69. Kg5 Bf3 70. Rg3 Kc4 71. Kf4 Bd5 72. Ke5 Ba8 73. Kd6 Kb3 74. Kd7 Kxa3 75. Ke7 Kb2 76. Kxf7 Bd5+ 77. Kg7 a3 78. f7 Bxf7 79. Kxf7 g1Q 80. Rxg1 Kxc3 81. Ke6 a2 82. Kd5 Kb2 83. Kc4 a1Q 84. Rxa1 Kxa1 1/2-1/2